Catalog

Record Details

Catalog Search



Air bound #3 [Large Print] / Christine Feehan.

Series: Sea Haven ; 3

Available copies

  • 1 of 1 copy available at LARL/NWRL Consortium.
  • 1 of 1 copy available at Lake Agassiz Regional Library. (Show preferred library)

Current holds

0 current holds with 1 total copy.

Show All Copies
Location Call Number / Copy Notes Barcode Shelving Location Status Due Date
Moorhead Public Library LARGE PRINT FEE (Text) 33500011897527 Main Available -

Record details

  • ISBN: 9781410468192 (large print : hardback)
  • ISBN: 1410468194 (large print : hardcover)
  • Physical Description: 561 pages (large print) ; 23 cm.
  • Edition: Large Print edition.
  • Publisher: Waterville, Maine : Thorndike Press, A part of Gale, Cengage Learning 2014.

Content descriptions

Summary, etc.:
For as far back as she can remember, Airiana ... Read More
Subject: Orphans > Fiction.
Magic > Fiction.
Large type books.
FICTION / Romance / Fantasy.
Genre: Occult fiction.
Romantic suspense fiction.
LDR 02599cam a2200469 i 4500
001168585
003LARL_NWRL_CONSORTIUM
00520140724141551.0
008140424s2014 meu d 000 1 eng
020 . ‡a9781410468192 (large print : hardback)
020 . ‡a1410468194 (large print : hardcover)
035 . ‡a(OCoLC)872412331
042 . ‡apcc
08200. ‡a813/.6 ‡223
084 . ‡aFIC027030 ‡2bisacsh
1001 . ‡aFeehan, Christine. ‡0(LARL_NWRL_CONSORTIUM)136283
24510. ‡aAir bound ‡n#3 ‡h[Large Print] / ‡cChristine Feehan.
250 . ‡aLarge Print edition.
260 . ‡aWaterville, Maine : ‡bThorndike Press, A part of Gale, Cengage Learning ‡c2014.
260 . ‡c©2014
300 . ‡a561 pages (large print) ; ‡c23 cm.
336 . ‡atext ‡2rdacontent
337 . ‡aunmediated ‡2rdamedia
338 . ‡avolume ‡2rdacarrier
340 . ‡nlarge print ‡2rda
4900 . ‡aSea Haven ; ‡v3
520 . ‡aFor as far back as she can remember, Airiana Ridell has always been aware of her extraordinary gift. She can intuit revealing and illuminating 'patterns' in the air around her -- whether in a spray of mist, in billowing clouds, or in the dense swirls of an impenetrable fog. Her abilities led to her placement in a secret government training facility when she was a child, but everything changed after her mother was murdered. Airiana fled the program, but she couldn't outrun the desperate members of a shadowy cabal who want her, who need her, who will kill to get her. Kidnapped and held aboard a ship bound for dangerous seas, her only chance for rescue is Maxim Prakenskii. He has his reasons for helping her, but he isn't about to reveal them to Airiana. Not yet. Not as the two are drawn together as moth to flame. Not when there are so many secrets yet untold that could shatter the quaint community of Sea Haven and all who reside there.
650 0. ‡aOrphans ‡vFiction. ‡0(LARL_NWRL_CONSORTIUM)166482
650 0. ‡aMagic ‡vFiction. ‡0(LARL_NWRL_CONSORTIUM)165984
650 0. ‡aLarge type books. ‡0(LARL_NWRL_CONSORTIUM)24284
650 7. ‡aFICTION / Romance / Fantasy. ‡2bisacsh
655 7. ‡aOccult fiction. ‡2gsafd
655 7. ‡aRomantic suspense fiction. ‡2gsafd
901 . ‡a168585 ‡bOCLC ‡c168585 ‡tbiblio

Additional Resources